Holiday Quiz

Random Holiday or Clickable Quiz
Score 0/40 Timer 05:00
2 Plays Today
% Correct
bright
91.3%
merry
89.6%
Vixen
88.8%
sing
87.4%
triumphant
85.7%
Prancer
85.3%
joyful
85.2%
ride
82.9%
joy
76.6%
goodies
76.5%
tender
76.4%
mild
76.1%
God
73.4%
comfort
73.2%
sinners
73.2%
toys
71.7%
harp
71.6%
rosy
69.6%
heaven
69.2%
fountain
68%
% Correct
nature
67.8%
Field
67.4%
gold
66.3%
join
65.1%
silver
62.8%
green
61.3%
play
61%
lamb
59%
crisp
58.3%
frolic
57.8%
red
56.5%
even
55.7%
old
55%
ox
53.4%
sin
52.6%
error
50.5%
blowing
48.6%
young
47.6%
nice
44.3%
snowing
39.2%
Remove Ads.
Support Sporcle.
Get the best of Sporcle when you Go Orange. This ad-free experience offers more features, more stats, and more fun while also helping to support Sporcle. Thank you for becoming a member.

You're not logged in!

Compare scores with friends on all Sporcle quizzes.
OR
Log In

Sporcle TV

Today on Sporcle TV


Watch our educational content, quiz creation guides, and fun videos on Sporcle TV.

Show Comments

Extras

Top Quizzes Today


Score Distribution

Paid Content

Your Account Isn't Verified!

In order to create a playlist on Sporcle, you need to verify the email address you used during registration. Go to your Sporcle Settings to finish the process.

Report this User

Report this user for behavior that violates our Community Guidelines.

Details: